000 01158nam a2200241 i 4500
001 162193
003 ES-MaACL
005 20250807062550.0
008 960320m17641766sp |||| | lat d
040 _aCLM
_bspa
_cCCPB | SIC
100 1 _aPiquer, Andrés,
_d1711-1772
_eaut
_992322
245 1 0 _aAndreae Piquerii Archiatri Praxis medica :
_bad usum Scholae Valentinae ; pars prior [-posterior].
260 _aMatriti :
_bapud Joachinum Ibarram...,
_c1764-1766.
300 _a2 volúmenes ([6], 230 ; [6], 274 páginas) ;
_c21 cm.
_b
597 _aSign. : []3, A-Z4, 2A-2E4, 2F3 ; [ ]3, A-Z4, 2A-2L4, 2M1.
597 _aPort. con grab. xil.
650 7 _aMedicina
_2embne
_914891
650 7 _aPráctica médica
_2embne
_9156012
852 _aES-MaACL
_cDEPO
_dOlim: G14106-07
_fEx-libris ms. de Diego I. Parada y Barreto
_fEx-libris ms. de Luis González Cordero, beato de Rojas
_fEx-libris ms. de Luis González Cordero, médico de Jerez de la Frontera (v. 1)
_gAn. ms. en h. de guarda: índice de las obras del autor (v. 2)
_jR-1442-43
_x Pergamino
942 _2udc
_cMONANT
_n0
999 _c162193
_d162193